Mitteilungen des Deutsch-Suidamerikanischen Instituts. (Record no. 5434)
[ view plain ]
| 000 -CABECERA | |
|---|---|
| campo de control de longitud fija | 00728nam a2200217 a 4500 |
| 001 - NÚMERO DE CONTROL | |
| campo de control | BRCA_5744 |
| 005 - FECHA Y HORA DE LA ÚLTIMA TRANSACCIÓN | |
| campo de control | 20190320205211.0 |
| 008 - DATOS DE LONGITUD FIJA--INFORMACIÓN GENERAL | |
| campo de control de longitud fija | 070311d1914----gw-#######---#100-0#ger-# |
| 041 ## - CÓDIGO DE LENGUA | |
| Código de lengua del texto/banda sonora o título independiente | ger |
| 044 ## - CÓDIGO DEL PAÍS DE LA ENTIDAD EDITORA/PRODUCTORA | |
| Código MARC del país | gw |
| 050 #4 - SIGNATURA TOPOGRÁFICA DE LA BIBLIOTECA DEL CONGRESO | |
| Número de clasificación | E184.G37 |
| Número de documento/Ítem | M58 |
| -- | 1914 |
| 245 10 - MENCIÓN DE TÍTULO | |
| Título | Mitteilungen des Deutsch-Suidamerikanischen Instituts. |
| Mención de responsabilidad, etc. | Deutsch-Suidamerikanischen Instituts. |
| 260 ## - PUBLICACIÓN, DISTRIBUCIÓN, ETC. | |
| Lugar de publicación, distribución, etc. | Sttugart |
| Nombre del editor, distribuidor, etc. | Deutschen Verlags-Anstalts. |
| Fecha de publicación, distribución, etc. | 1914 |
| 300 ## - DESCRIPCIÓN FÍSICA | |
| Extensión | 366 p. |
| Dimensiones | 20 cm. |
| 500 ## - NOTA GENERAL | |
| Nota general | Revista inventariada como libro por el Banco de México. |
| 500 ## - NOTA GENERAL | |
| Nota general | H59 |
| 650 14 - PUNTO DE ACCESO ADICIONAL DE MATERIA--TÉRMINO DE MATERIA | |
| Término de materia o nombre geográfico como elemento de entrada | Instituciones Alemanas en Sudamérica |
| Subdivisión de forma | Publicación Periódica. |
| Subdivisión geográfica | Stuttgart |
| 9 (RLIN) | 14572 |
| 710 2# - PUNTO DE ACCESO ADICIONAL--NOMBRE DE ENTIDAD CORPORATIVA | |
| Nombre de entidad corporativa o nombre de jurisdicción como elemento de entrada | Deutsch-Suidamerikanischen Instituts. |
| 9 (RLIN) | 14573 |
| 902 ## - CATALOGADOR | |
| Iniciales | GFM |
| 942 ## - ELEMENTOS DE PUNTO DE ACCESO ADICIONAL (KOHA) | |
| Fuente del sistema de clasificación o colocación | Library of Congress Classification |
| Tipo de ítem Koha | Libros |
| Estado de retiro | Estado de pérdida | Estado dañado | No para préstamo | Localización permanente | Ubicación/localización actual | Fecha de adquisición | Número de inventario | Total de préstamos | Signatura topográfica completa | Código de barras | Fecha visto por última vez | Precio válido a partir de | Tipo de ítem Koha |
|---|---|---|---|---|---|---|---|---|---|---|---|---|---|
| El ejemplar forma parte de la colección y puede ser consultado según las políticas vigentes. | Biblioteca del Museo Franz Mayer (Rogerio Casas-Alatriste) | Biblioteca del Museo Franz Mayer (Rogerio Casas-Alatriste) | 07/03/2011 | H59 | E184.G37 M58 1914 (H59) | 6183 | 22/03/2019 | 22/03/2019 | Libros |